[Event "World Youth Boys U16 2014"]
[Site "Durban RSA"]
[Date "2014.09.20"]
[Round "1.25"]
[White "Tica, Sven"]
[Black "Forster, James Connor Christophe"]
[Result "1-0"]
[WhiteElo "2246"]
[BlackElo "1687"]
[WhiteFideId "14526948"]
[BlackFideId "14309343"]
[EventDate "2014.09.20"]

1. Nf3 Nf6 2. c4 d5 3. cxd5 Nxd5 4. e4 Nb6 5. d4 Bg4 6. Be3 e6 7. Nbd2 N8d7 8.
Rc1 Be7 9. Be2 O-O 10. O-O Rc8 11. Nb3 Nf6 12. Qc2 c6 13. Rfd1 Qc7 14. g3 Nbd7
15. Bf4 Qb6 16. Nc5 a6 17. e5 Bf5 18. Bd3 Bxd3 19. Rxd3 Nd5 20. Nxd7 Qd8 21.
Nxf8 Nb4 22. Nxe6 fxe6 23. Qb3 Nxd3 24. Qxd3 Qd5 25. Qb3 Qd7 26. Bg5 Bf8 27. Bd2
h6 28. Bb4 Rd8 29. Ba5 Rc8 30. Bb6 Qf7 31. Nd2 Be7 32. Ne4 g5 33. Bc5 Bxc5 34.
Nxc5 1-0

[Event "World Youth Boys U16 2014"]
[Site "Durban RSA"]
[Date "2014.09.20"]
[Round "1.26"]
[White "Roos, Lucas"]
[Black "Kollars, Dmitrij"]
[Result "0-1"]
[WhiteElo "1684"]
[BlackElo "2243"]
[WhiteFideId "14308673"]
[BlackFideId "12909572"]
[EventDate "2014.09.20"]

1. e4 c5 2. Nc3 Nc6 3. g3 g6 4. Bg2 Bg7 5. d3 e6 6. Be3 d6 7. Qd2 Rb8 8. Nge2 b5
9. O-O Nge7 10. Nd1 O-O 11. Bh6 e5 12. Bxg7 Kxg7 13. Ne3 Nd4 14. c3 Nxe2+ 15.
Qxe2 f5 16. f4 Be6 17. Nd5 fxe4 18. dxe4 Bxd5 19. exd5 exf4 20. Rxf4 Rxf4 21.
gxf4 Nf5 22. Re1 Rb7 23. Be4 Qf6 24. Qd3 Re7 25. Re2 c4 26. Qd1 Nh4 27. Bh1 Rxe2
28. Qxe2 Qxf4 29. Qe7+ Kh6 30. Bg2 Nxg2 31. Kxg2 Qg5+ 32. Qxg5+ Kxg5 33. Kf3 Kf5
34. Ke3 g5 35. h3 Ke5 36. Kf3 h5 0-1

[Event "World Youth Boys U16 2014"]
[Site "Durban RSA"]
[Date "2014.09.20"]
[Round "1.27"]
[White "Kumaran, B"]
[Black "Modi, Sachin"]
[Result "1-0"]
[BlackTitle "CM"]
[WhiteElo "2239"]
[BlackElo "1676"]
[WhiteFideId "5038472"]
[BlackFideId "14304589"]
[EventDate "2014.09.20"]

1. e4 c5 2. Nf3 Nc6 3. d4 cxd4 4. Nxd4 g6 5. c4 Nf6 6. Nc3 d6 7. Be2 Nxd4 8.
Qxd4 Bg7 9. Be3 O-O 10. Qd1 Bd7 11. O-O Bc6 12. f3 a5 13. Qd2 a4 14. Rac1 Qd7
15. Nd5 Bxd5 16. cxd5 b5 17. Rc6 Rfb8 18. Rfc1 b4 19. Kf1 Qd8 20. R1c4 Qa5 21.
Rc7 Kf8 22. Bd4 Ng8 23. Bxg7+ Kxg7 24. R4c6 f6 25. Qc1 Ra7 26. Rc8 Rba8 27. Qc4
Kf7 28. Rxa8 Rxa8 29. Qd4 Ra7 30. Rb6 a3 31. b3 Qc5 32. Qxc5 dxc5 33. Rc6 Ra5
34. Bc4 Nh6 35. d6+ Ke8 36. Rc7 Nf7 37. Rxe7+ 1-0

[Event "World Youth Boys U16 2014"]
[Site "Durban RSA"]
[Date "2014.09.20"]
[Round "1.28"]
[White "Abdulla, Al-Hamed"]
[Black "Christiansen, Johan-Sebastian"]
[Result "0-1"]
[WhiteElo "1674"]
[BlackElo "2233"]
[WhiteFideId "9302328"]
[BlackFideId "1512668"]
[EventDate "2014.09.20"]

1. e4 c5 2. Nc3 a6 3. Nf3 d6 4. d4 cxd4 5. Nxd4 Nf6 6. f3 e5 7. Nb3 Be7 8. Be3
O-O 9. Be2 Nbd7 10. O-O b5 11. a3 Bb7 12. Bd3 Rc8 13. Qd2 Nb6 14. Kh1 Nc4 15.
Bxc4 Rxc4 16. Rad1 Qc7 17. Qf2 Ba8 18. Na5 Rxc3 19. Bb6 Qc8 20. bxc3 Qxc3 21.
Rd3 Qc8 22. Qe3 Qe6 23. Nb3 d5 24. Ba5 dxe4 25. fxe4 Bxe4 26. Rc3 Ba8 27. Rd1
Bxg2+ 28. Kxg2 Qg4+ 29. Qg3 Qe2+ 30. Qf2 Qxd1 31. Rg3 Ne4 0-1

[Event "World Youth Boys U16 2014"]
[Site "Durban RSA"]
[Date "2014.09.20"]
[Round "1.29"]
[White "Chandran, Kapil"]
[Black "Ndlovu, Bhekile"]
[Result "1-0"]
[WhiteElo "2229"]
[BlackElo "1567"]
[WhiteFideId "2034077"]
[BlackFideId "11001518"]
[EventDate "2014.09.20"]

1. e4 e6 2. d4 d5 3. Nc3 Nf6 4. Bg5 dxe4 5. Nxe4 Be7 6. Bxf6 Bxf6 7. Nf3 b6 8.
Bd3 O-O 9. c3 Bb7 10. Qc2 Nd7 11. O-O-O Rc8 12. h4 h5 13. Neg5 Bxg5+ 14. Nxg5
Qf6 15. Ba6 Qh6 16. Bxb7 f6 17. Bxc8 Rxc8 18. f4 fxg5 19. hxg5 Qh7 20. Qxh7+
Kxh7 21. Rxh5+ Kg6 22. Rhh1 Rf8 23. g3 Rf5 24. Rhe1 Kf7 25. Re4 Rd5 26. c4 Rd6
27. d5 exd5 28. Rxd5 Nc5 29. Rxd6 cxd6 30. Re3 a6 31. f5 Nd7 32. Re6 Ne5 33.
Rxd6 Nxc4 34. Rc6 Ne3 35. Rc7+ Kf8 36. f6 gxf6 37. gxf6 Nd5 38. Rc6 a5 39. g4
Kf7 40. g5 Nb4 41. Rc7+ Kf8 42. g6 1-0

[Event "World Youth Boys U16 2014"]
[Site "Durban RSA"]
[Date "2014.09.21"]
[Round "2.1"]
[White "Christiansen, Johan-Sebastian"]
[Black "Aravindh, Chithambaram VR."]
[Result "0-1"]
[BlackTitle "IM"]
[WhiteElo "2233"]
[BlackElo "2496"]
[WhiteFideId "1512668"]
[BlackFideId "5072786"]
[EventDate "2014.09.20"]

1. c4 e5 2. g3 Nf6 3. Bg2 d5 4. cxd5 Nxd5 5. Nc3 Nb6 6. e3 Nc6 7. Nge2 Be7 8.
O-O O-O 9. f4 exf4 10. Nxf4 Ne5 11. d4 Ng4 12. h3 Nf6 13. e4 c5 14. d5 Bd6 15.
b3 Be5 16. Bb2 Re8 17. Qd2 Bd7 18. Nd3 Bd4+ 19. Kh2 c4 20. Ne1 Be5 21. Nf3 Bxc3
22. Qxc3 Rxe4 23. Ng5 Nbxd5 24. Qc2 Ne3 25. Bxf6 Nxc2 26. Bxd8 Re2 27. Kg1 Rxg2+
28. Kxg2 Rxd8 29. Rad1 Ne3+ 30. Kf2 Nxf1 31. bxc4 Nh2 32. Ne4 Kf8 33. Nc5 Ke7
34. Nxb7 Rb8 35. Re1+ Be6 36. Na5 Rb2+ 37. Re2 Rxe2+ 38. Kxe2 Bxh3 39. Nc6+ Kd6
40. Nxa7 Bd7 0-1

[Event "World Youth Boys U16 2014"]
[Site "Durban RSA"]
[Date "2014.09.21"]
[Round "2.2"]
[White "Sanal, Vahap"]
[Black "Kumaran, B"]
[Result "1/2-1/2"]
[WhiteTitle "IM"]
[WhiteElo "2473"]
[BlackElo "2239"]
[WhiteFideId "6300545"]
[BlackFideId "5038472"]
[EventDate "2014.09.20"]

1. e4 c5 2. Nf3 Nc6 3. d4 cxd4 4. Nxd4 Nf6 5. Nc3 e5 6. Ndb5 d6 7. Bg5 a6 8. Na3
b5 9. Nd5 Be7 10. Bxf6 Bxf6 11. c3 Ne7 12. Nxf6+ gxf6 13. Be2 Bb7 14. Bf3 d5 15.
exd5 Bxd5 16. Nc2 f5 17. O-O Rg8 18. Re1 e4 19. Bh5 f4 20. f3 e3 21. Qd4 Qd6 22.
Rad1 Rd8 23. Nb4 Qh6 24. Bg4 f5 25. Qe5 Qh4 26. Bh5+ Kf8 27. Re2 Qxh5 28. Qxf4
Qg5 29. Qxe3 Qxe3+ 30. Rxe3 a5 31. Nxd5 Rxd5 32. Rxd5 Nxd5 33. Re5 Nc7 34. Rc5
Rg7 35. a4 bxa4 36. Rxf5+ Kg8 37. Rxa5 Rd7 38. Rxa4 Rd1+ 39. Kf2 Rd2+ 40. Ke3
Rxb2 41. Rg4+ Kf7 42. c4 Ne6 43. Rh4 Kg6 44. Rg4+ 1/2-1/2

[Event "World Youth Boys U16 2014"]
[Site "Durban RSA"]
[Date "2014.09.21"]
[Round "2.4"]
[White "Pichot, Alan"]
[Black "Chandran, Kapil"]
[Result "1-0"]
[WhiteTitle "IM"]
[WhiteElo "2452"]
[BlackElo "2229"]
[WhiteFideId "110973"]
[BlackFideId "2034077"]
[EventDate "2014.09.20"]

1. e4 c5 2. Nf3 e6 3. d4 cxd4 4. Nxd4 a6 5. Bd3 Nf6 6. Nc3 Qc7 7. f4 d6 8. Qf3
b5 9. g4 Bb7 10. g5 Nfd7 11. a3 g6 12. Be3 Nc5 13. h4 Nbd7 14. h5 Bg7 15. O-O-O
Nxd3+ 16. cxd3 Rb8 17. hxg6 hxg6 18. Rxh8+ Bxh8 19. Qh3 Bxd4 20. Bxd4 e5 21. Be3
a5 22. Kb1 Bc6 23. Rc1 Qb7 24. b4 axb4 25. axb4 Qa6 26. fxe5 Qa3 27. Kc2 Qxb4
28. e6 Nf8 29. exf7+ Kxf7 30. Qh8 Ke7 31. Qf6+ Ke8 32. Rh1 Bxe4 33. dxe4 Rc8 34.
Rh8 Qxe4+ 35. Kd2 Qe7 36. Rxf8+ Qxf8 37. Qe6+ Kd8 38. Bb6+ Rc7 39. Nd5 1-0

[Event "World Youth Boys U16 2014"]
[Site "Durban RSA"]
[Date "2014.09.21"]
[Round "2.5"]
[White "Petr, Jan2"]
[Black "Bellahcene, Bilel"]
[Result "0-1"]
[BlackTitle "FM"]
[WhiteElo "2140"]
[BlackElo "2428"]
[WhiteFideId "345784"]
[BlackFideId "696358"]
[EventDate "2014.09.20"]

1. d4 Nf6 2. c4 e6 3. g3 d5 4. Nf3 dxc4 5. Bg2 Bd7 6. Ne5 Bc6 7. Nxc6 Nxc6 8.
O-O Qd7 9. e3 Nd5 10. Qe2 O-O-O 11. Qxc4 f5 12. Nc3 g5 13. Bd2 h5 14. Rfc1 h4
15. Nxd5 exd5 16. Qa4 hxg3 17. hxg3 f4 18. exf4 gxf4 19. Bxf4 Bh6 20. Bxh6 Rxh6
21. Rd1 Qh7 22. Qb3 Rf6 23. Rac1 Rh8 24. Qe3 Kb8 0-1

[Event "World Youth Boys U16 2014"]
[Site "Durban RSA"]
[Date "2014.09.21"]
[Round "2.6"]
[White "Ali Marandi, Cemil Can"]
[Black "Litvinov, Maxim"]
[Result "1-0"]
[WhiteTitle "IM"]
[WhiteElo "2408"]
[BlackElo "2211"]
[WhiteFideId "6300529"]
[BlackFideId "24157449"]
[EventDate "2014.09.20"]

1. e4 e5 2. Nf3 Nc6 3. Bb5 Nf6 4. O-O Nxe4 5. d4 Nd6 6. Ba4 exd4 7. c3 d3 8.
Qxd3 Be7 9. Bc2 g6 10. Bh6 Nf5 11. Qd2 d6 12. Na3 Be6 13. Rfe1 Nxh6 14. Qxh6 Qd7
15. Ba4 Bf8 16. Qh4 Bg7 17. Nb5 O-O 18. Ng5 h6 19. Nxe6 fxe6 20. Rad1 Kh7 21.
Bc2 Rf6 22. Qg3 Raf8 23. Nd4 Qf7 24. Nf3 Rxf3 25. Qxf3 Qxf3 26. gxf3 Ne5 27. Kg2
b6 28. Re4 d5 29. Re3 c5 30. Rde1 Nc4 31. Rxe6 Nxb2 32. Rxg6 Kh8 33. Re7 Rg8 34.
Kf1 1-0

[Event "World Youth Boys U16 2014"]
[Site "Durban RSA"]
[Date "2014.09.21"]
[Round "2.7"]
[White "Zayan, Mohamed"]
[Black "Petrosyan, Manuel"]
[Result "0-1"]
[WhiteTitle "FM"]
[BlackTitle "FM"]
[WhiteElo "2125"]
[BlackElo "2397"]
[WhiteFideId "10609989"]
[BlackFideId "13300857"]
[EventDate "2014.09.20"]

1. e4 c5 2. Nf3 e6 3. d4 cxd4 4. Nxd4 Nc6 5. Nxc6 bxc6 6. Bd3 Nf6 7. O-O e5 8.
Qe2 Be7 9. Nd2 O-O 10. Nc4 d6 11. Bd2 Bg4 12. f3 Be6 13. Rad1 Nd7 14. Kh1 Rb8
15. a3 Nc5 16. Bb4 Na4 17. b3 Rxb4 18. axb4 Nc3 19. Qe3 Nxd1 20. Rxd1 Qb8 21.
Na5 Rc8 22. Bc4 d5 23. exd5 cxd5 24. Bxd5 Bxd5 25. Rxd5 Rxc2 26. h3 e4 27. fxe4
h6 28. e5 Qxb4 29. e6 f6 30. Nc4 Qb7 31. Qd3 Rc1+ 32. Kh2 Qc7+ 33. g3 Re1 34.
Ne3 Qb6 35. Rd4 Qxe6 36. Re4 Qd6 37. Qc4+ Kf8 38. Rd4 Qe5 39. Qc8+ Kf7 40. Qc4+
Qe6 41. Qxe6+ Kxe6 42. Ng2 Rb1 43. Nf4+ Kf7 44. Rd7 Rb2+ 45. Kh1 Rxb3 46. Rxa7
Re3 47. Kg2 Re5 48. Kf3 g5 49. Nd3 Re6 50. Nc5 Rc6 51. Nd3 h5 52. Nb4 g4+ 53.
hxg4 hxg4+ 54. Ke3 Re6+ 55. Kd3 Kf8 56. Nd5 Bc5 57. Ra4 f5 58. Rf4 Re5 59. Nf6
Ke7 60. Nxg4 fxg4 61. Rxg4 Re3+ 62. Kc4 Bd6 63. Kd5 Re5+ 64. Kd4 Ra5 65. Rg6
Be5+ 66. Ke4 Bf6 67. g4 Kf7 68. Rh6 Ra1 69. Rh5 Kg6 70. Rf5 Bg5 71. Kf3 Ra3+ 72.
Kg2 Bh4 73. Rf3 Ra2+ 74. Kh3 Bf6 75. Kg3 Be5+ 0-1

[Event "World Youth Boys U16 2014"]
[Site "Durban RSA"]
[Date "2014.09.21"]
[Round "2.8"]
[White "Saiyn, Zhanat"]
[Black "Dragnev, Valentin"]
[Result "1-0"]
[WhiteTitle "FM"]
[WhiteElo "2397"]
[BlackElo "2151"]
[WhiteFideId "13703820"]
[BlackFideId "1634852"]
[EventDate "2014.09.20"]

1. d4 d5 2. c4 e6 3. Nc3 Nf6 4. cxd5 exd5 5. Bg5 c6 6. Qc2 Be7 7. e3 Nbd7 8. Bd3
Nh5 9. Bxe7 Qxe7 10. Nge2 g6 11. O-O Ng7 12. Qd2 O-O 13. f3 f5 14. e4 fxe4 15.
fxe4 dxe4 16. Nxe4 Nf5 17. Rae1 Nb6 18. N4g3 Nxg3 19. Rxf8+ Qxf8 20. Nxg3 Bd7
21. Re5 Qf7 22. Ne4 Rf8 23. b3 Bc8 24. h3 Kh8 25. Nc5 Qf6 26. Ne4 Qd8 27. Be2
Nd5 28. Bc4 Nf6 29. Ng5 Nd7 30. Re1 Qf6 31. Rf1 Qg7 32. Nf7+ Kg8 33. Nd6+ Kh8
34. Rf7 Rxf7 35. Nxf7+ Kg8 36. Nd6+ Kh8 37. Nxc8 Qf8 38. Nxa7 Qa3 39. Qe3 Nf6
40. Qe5 Kg7 41. Nc8 1-0

[Event "World Youth Boys U16 2014"]
[Site "Durban RSA"]
[Date "2014.09.21"]
[Round "2.9"]
[White "Gajek, Radoslaw"]
[Black "Xu, Xiangyu"]
[Result "1/2-1/2"]
[WhiteTitle "FM"]
[WhiteElo "2393"]
[BlackElo "2133"]
[WhiteFideId "1125893"]
[BlackFideId "8608288"]
[EventDate "2014.09.20"]

1. e4 c5 2. Nf3 d6 3. d4 cxd4 4. Nxd4 Nf6 5. Nc3 Nc6 6. Bg5 e6 7. Qd2 a6 8.
O-O-O Bd7 9. f4 Be7 10. Nf3 b5 11. e5 b4 12. exf6 bxc3 13. Qxc3 gxf6 14. Bd3 Rc8
15. Bh4 d5 16. Kb1 Qb6 17. Qb3 Qa7 18. Be1 Rb8 19. Qc3 Nb4 20. b3 a5 21. Bh4 a4
22. Bxf6 axb3 23. axb3 Qa2+ 24. Kc1 Rc8 25. Bxh8 Rxc3 26. Bxc3 Qa7 27. Bd4 Qa5
28. Kd2 Nxd3+ 29. Kxd3 Qc7 30. Ne5 f6 31. Nxd7 Kxd7 32. Be3 Bb4 33. c4 Ke8 34.
Rhf1 Qg7 35. cxd5 exd5 36. Bd2 Bc5 37. Rc1 Bd6 38. Rf2 Kd7 39. Ke2 Qg6 40. Rc3
d4 41. Rc1 Qh5+ 42. Rf3 Qxh2 43. Kf2 Qh5 44. b4 Qb5 45. Kg1 Qe2 46. Rf2 Qd3 47.
Kh1 Ke6 48. Rcf1 h5 49. Be1 Kf5 50. Rf3 Qe2 51. R3f2 Qc4 52. Bd2 Qd3 53. Rc1 h4
54. Be1 h3 55. Bd2 1/2-1/2

[Event "World Youth Boys U16 2014"]
[Site "Durban RSA"]
[Date "2014.09.21"]
[Round "2.10"]
[White "Valkama, Eero"]
[Black "Mousavi, Seyed Khalil"]
[Result "1/2-1/2"]
[BlackTitle "FM"]
[WhiteElo "2073"]
[BlackElo "2348"]
[WhiteFideId "507555"]
[BlackFideId "12511099"]
[EventDate "2014.09.20"]

1. e4 e6 2. d4 d5 3. Nd2 c5 4. exd5 exd5 5. Ngf3 Nc6 6. Bb5 Bd6 7. dxc5 Bxc5 8.
O-O Ne7 9. Nb3 Bd6 10. h3 O-O 11. Be3 Nf5 12. Bc5 Bxc5 13. Nxc5 Qb6 14. Bxc6
bxc6 15. Na4 Qa5 16. c3 Ba6 17. b4 Qc7 18. Re1 Rfe8 19. Nc5 Bc4 20. Nd2 Nd6 21.
Nxc4 Nxc4 22. Qd3 Re5 23. Rxe5 Qxe5 24. a4 Re8 25. a5 h6 26. Nb3 Re6 27. Nd4 Rg6
28. Nf3 Qe7 29. Re1 Re6 30. Rxe6 fxe6 31. Nd4 Qe8 32. f4 Kf7 33. Nf3 Qb8 34. Qd4
a6 35. Ne5+ Nxe5 36. fxe5 Ke7 37. Qc5+ Kd7 38. Qe3 Qc7 39. Qe2 Qa7+ 40. Kh2 Kc8
41. Qf1 Qc7 42. Qxa6+ Kb8 43. Qe2 Ka7 44. Qe3+ Ka6 45. Qd3+ Kb7 46. Qd4 Kb8 47.
Kg1 Kb7 48. Qc5 Qxe5 49. Qb6+ Ka8 50. Qxc6+ Ka7 51. Qc5+ Ka8 52. Qd4 Qc7 53. a6
Qc6 54. Qxg7 Qxa6 55. Qxh6 Qa1+ 56. Kh2 Qxc3 57. Qf8+ Kb7 58. Qe7+ Kb8 59. Qd6+
Kb7 60. b5 d4 61. Qa6+ Kb8 62. b6 Qc6 63. Qa7+ Kc8 64. b7+ Qxb7 65. Qxd4 Qc7+
66. g3 Qc2+ 67. Kh1 Qc6+ 68. Kg1 Qc1+ 69. Kf2 Qc2+ 70. Kf3 Qf5+ 71. Kg2 Qc2+ 72.
Qf2 Qe4+ 73. Kh2 Kd7 74. Qf7+ Kc6 75. h4 e5 76. h5 Qe3 77. Qg6+ Kd5 78. h6 Qf2+
79. Kh3 Qf1+ 80. Kh4 Qh1+ 81. Kg5 Qf3 82. Qg8+ Kd4 83. h7 Qxg3+ 84. Kf6 Qf3+ 85.
Kg7 Qg4+ 86. Kh8 Qh4 87. Qf8 Qg5 88. Qf2+ Kd5 1/2-1/2

[Event "World Youth Boys U16 2014"]
[Site "Durban RSA"]
[Date "2014.09.21"]
[Round "2.11"]
[White "Sibashvili, Giorgi"]
[Black "Maslov, Ivan"]
[Result "1/2-1/2"]
[WhiteElo "2335"]
[BlackElo "2095"]
[WhiteFideId "13602799"]
[BlackFideId "24169820"]
[EventDate "2014.09.20"]

1. Nf3 Nf6 2. g3 d5 3. Bg2 g6 4. c4 c6 5. b3 Bg7 6. Bb2 O-O 7. O-O Nbd7 8. d4
Ne4 9. Nfd2 Ndf6 10. Nxe4 Nxe4 11. Nd2 Bf5 12. Nxe4 dxe4 13. Qd2 Qd7 14. Rad1
Rfd8 15. d5 Bxb2 16. Qxb2 cxd5 17. Rxd5 Qc7 18. Rfd1 Rxd5 19. Rxd5 Rd8 20. Qd4
Rxd5 21. Qxd5 e6 22. Qd4 Qa5 23. h3 h5 24. Bxe4 Qxa2 25. Bxb7 Qxb3 26. Bg2 e5
27. Qd8+ Kg7 28. c5 Qc3 29. Qe7 e4 30. Qxa7 Qe1+ 31. Kh2 Qxf2 32. Qa1+ Kg8 33.
c6 Qxe2 34. c7 1/2-1/2

[Event "World Youth Boys U16 2014"]
[Site "Durban RSA"]
[Date "2014.09.21"]
[Round "2.12"]
[White "Suta, Andraz"]
[Black "Lenaerts, Lennert"]
[Result "0-1"]
[WhiteElo "2063"]
[BlackElo "2329"]
[WhiteFideId "14613190"]
[BlackFideId "211435"]
[EventDate "2014.09.20"]

1. e4 e5 2. Nf3 Nc6 3. Bc4 Bc5 4. c3 Nf6 5. d4 exd4 6. cxd4 Bb4+ 7. Bd2 Nxe4 8.
Bxb4 Nxb4 9. Bxf7+ Kxf7 10. Qb3+ Ke8 11. Qxb4 Qe7 12. Qa5 Ng3+ 13. Kd2 b6 14.
Qd5 Qe2+ 15. Kc1 c6 16. Qg5 Nxh1 17. Ne5 Nxf2 18. Nc3 Nd3+ 19. Nxd3 Qxd3 20. d5
Rf8 21. Qe5+ Kd8 22. b3 Rf2 23. Qg5+ Kc7 24. Qg3+ Qxg3 0-1

[Event "World Youth Boys U16 2014"]
[Site "Durban RSA"]
[Date "2014.09.21"]
[Round "2.13"]
[White "Sinyanskiy, Maxim"]
[Black "Gazik, Viktor"]
[Result "0-1"]
[BlackTitle "FM"]
[WhiteElo "2038"]
[BlackElo "2315"]
[WhiteFideId "4178068"]
[BlackFideId "14928752"]
[EventDate "2014.09.20"]

1. e4 c5 2. Nf3 d6 3. d4 cxd4 4. Nxd4 Nf6 5. Nc3 g6 6. Be3 Bg7 7. f3 Nc6 8. g4
Bd7 9. Qd2 Rc8 10. O-O-O O-O 11. h4 Ne5 12. h5 b5 13. Bh6 Bxh6 14. Qxh6 Rxc3 15.
bxc3 Qa5 16. hxg6 fxg6 17. g5 Nh5 18. Rxh5 gxh5 19. Nf5 Rxf5 20. exf5 Bxf5 21.
Kb2 b4 22. c4 Qa3+ 23. Kb1 b3 24. Bd3 Bxd3 0-1

[Event "World Youth Boys U16 2014"]
[Site "Durban RSA"]
[Date "2014.09.21"]
[Round "2.14"]
[White "Rakotomaharo, Fy Antenaina"]
[Black "Tuomainen, Felix"]
[Result "1-0"]
[WhiteTitle "CM"]
[WhiteElo "2286"]
[BlackElo "2042"]
[WhiteFideId "13100050"]
[BlackFideId "1720813"]
[EventDate "2014.09.20"]

1. d4 d5 2. c4 c6 3. Nc3 Nf6 4. e3 e6 5. Nf3 Nbd7 6. Bd3 Bd6 7. O-O dxc4 8. Bxc4
b5 9. Bd3 Bb7 10. e4 b4 11. Ne2 e5 12. Ng3 O-O 13. Nf5 Qc7 14. Bg5 Rad8 15. Bc2
Rfe8 16. Nxd6 Qxd6 17. dxe5 Qxd1 18. Raxd1 Nxe5 19. Nxe5 Rxd1 20. Rxd1 Rxe5 21.
Rd8+ Ne8 22. f4 Re6 23. f5 Re5 24. Bf4 Re7 25. Bd6 1-0

[Event "World Youth Boys U16 2014"]
[Site "Durban RSA"]
[Date "2014.09.21"]
[Round "2.15"]
[White "Taylor, Adam C"]
[Black "Rodriguez, Adrien"]
[Result "1-0"]
[WhiteElo "2023"]
[BlackElo "2284"]
[WhiteFideId "424668"]
[BlackFideId "20691866"]
[EventDate "2014.09.20"]

1. d4 Nf6 2. Nf3 e6 3. c4 d5 4. g3 Be7 5. Bg2 O-O 6. O-O Nbd7 7. Qc2 c5 8. Rd1
cxd4 9. Nxd4 e5 10. Nf5 d4 11. e3 Bc5 12. exd4 exd4 13. Nxd4 Qb6 14. Nb3 Ne5 15.
Nxc5 Qxc5 16. Be3 Qxc4 17. Qxc4 Nxc4 18. Bd4 Rd8 19. Na3 Bg4 20. Nxc4 Bxd1 21.
Rxd1 Rd7 22. Rd2 Rad8 23. Bxf6 Rxd2 24. Bxd8 Rd1+ 25. Bf1 Rxd8 26. a4 Rd1 27.
Kg2 Kf8 28. Na5 Rd7 29. b3 Ke7 30. Nc4 Rd1 31. Ne3 Rd2 32. Bc4 Kf6 33. h4 h6 34.
Bd5 b6 35. Bc4 Rd7 36. Kf3 Ke5 37. Nc2 Rc7 38. Ke3 g5 39. hxg5 hxg5 40. f4+ Kf5
41. Kf3 gxf4 42. gxf4 Rd7 43. Ne3+ Kg6 44. Ke4 Kf6 45. Bd5 Re7+ 46. Kd4 Rc7 1-0

[Event "World Youth Boys U16 2014"]
[Site "Durban RSA"]
[Date "2014.09.21"]
[Round "2.16"]
[White "Kaczur, Florian"]
[Black "Tasci, Onur"]
[Result "1-0"]
[WhiteElo "2278"]
[BlackElo "2028"]
[WhiteFideId "705098"]
[BlackFideId "6322182"]
[EventDate "2014.09.20"]

1. e4 c5 2. Nf3 g6 3. d4 cxd4 4. Nxd4 Bg7 5. Nc3 Nc6 6. Be3 Nf6 7. Bc4 O-O 8.
Bb3 d6 9. h3 Bd7 10. O-O Nxd4 11. Bxd4 b5 12. a4 b4 13. Nd5 Nxd5 14. Bxd5 Rc8
15. Bxg7 Kxg7 16. Qd4+ Kg8 17. Qxa7 Rxc2 18. Rfc1 b3 19. Bxb3 Rxb2 20. Rc7 Bxh3
21. Rb7 Be6 22. Bxe6 Rxb7 23. Qxb7 fxe6 24. a5 Re8 25. a6 Qa8 26. Qd7 Kf7 27. a7
Qxe4 28. Qxe8+ 1-0

[Event "World Youth Boys U16 2014"]
[Site "Durban RSA"]
[Date "2014.09.21"]
[Round "2.18"]
[White "Sosa, Tomas ARG"]
[Black "Lien, Kjell Hakon"]
[Result "1-0"]
[WhiteElo "2275"]
[BlackElo "2004"]
[WhiteFideId "121576"]
[BlackFideId "1510444"]
[EventDate "2014.09.20"]

1. e4 c5 2. Nf3 e6 3. d4 cxd4 4. Nxd4 Nc6 5. Nc3 d6 6. Be2 Nf6 7. O-O Be7 8. Kh1
a6 9. f4 Qc7 10. Be3 O-O 11. Qe1 Nxd4 12. Bxd4 b5 13. a3 Bb7 14. Qg3 Bc6 15.
Rae1 Qb7 16. Bd3 g6 17. Qh3 a5 18. Re3 b4 19. Nd1 Nxe4 20. Qxh7+ 1-0

[Event "World Youth Boys U16 2014"]
[Site "Durban RSA"]
[Date "2014.09.21"]
[Round "2.20"]
[White "Nastase, Robert-Paul"]
[Black "Subramaniam, Shreyes"]
[Result "1-0"]
[WhiteElo "2255"]
[BlackElo "1813"]
[WhiteFideId "1221175"]
[BlackFideId "5707153"]
[EventDate "2014.09.20"]

1. e4 c5 2. Nf3 d6 3. d4 cxd4 4. Nxd4 Nf6 5. Nc3 a6 6. Bg5 e6 7. f4 Be7 8. Qe2
h6 9. Bxf6 Bxf6 10. O-O-O Qb6 11. e5 dxe5 12. fxe5 Bg5+ 13. Kb1 Nc6 14. Nxc6
bxc6 15. h4 Be7 16. Rh3 Rb8 17. b3 Qb4 18. Ne4 Rb5 19. Qg4 Rd5 20. Bd3 Qd4 21.
Qxg7 Qxe5 22. Qxe5 Rxe5 23. g4 Rg8 24. g5 hxg5 25. hxg5 Bxg5 26. Rg1 Kf8 27.
Rhg3 Rxe4 28. Bxe4 f6 29. Bxc6 Rh8 30. Rxg5 fxg5 31. Rxg5 Ke7 32. Kb2 Kd6 33.
Be4 Rh4 34. Bg2 e5 35. Kc3 a5 36. a4 Rg4 37. Rxg4 Bxg4 38. b4 axb4+ 39. Kxb4 Bd7 1-0

[Event "World Youth Boys U16 2014"]
[Site "Durban RSA"]
[Date "2014.09.21"]
[Round "2.23"]
[White "Cortes Orihuela, Javier"]
[Black "Karthikeyan, Murali"]
[Result "0-1"]
[WhiteTitle "FM"]
[BlackTitle "IM"]
[WhiteElo "2216"]
[BlackElo "2462"]
[WhiteFideId "3414329"]
[BlackFideId "5074452"]
[EventDate "2014.09.20"]

1. d4 Nf6 2. c4 Nc6 3. Nf3 e6 4. g3 Bb4+ 5. Bd2 Qe7 6. Nc3 d5 7. a3 Bxc3 8. Bxc3
O-O 9. Bg2 Ne4 10. Rc1 Rb8 11. Qc2 f5 12. Nd2 Bd7 13. e3 Be8 14. O-O Bf7 15. b4
Qd7 16. cxd5 exd5 17. b5 Ne7 18. Bb4 Rfc8 19. Nf3 Ng6 20. Qd3 Be8 21. a4 a6 22.
h4 axb5 23. h5 Nh8 24. Ne5 Qe6 25. axb5 Bxh5 26. Ba5 Qd6 27. Qc2 b6 28. Nc6 bxa5
29. Nxb8 Rxb8 30. Qxc7 Qf8 31. b6 Nf7 32. Rc2 Nfd6 33. Rfc1 Nc4 34. b7 Bf7 35.
Rb2 Qd6 36. Qc8+ Qf8 37. Qc7 g6 38. Rb5 Qd6 39. Rc5 Nxc5 40. Qc8+ Qf8 0-1